000 00603cam a2200217 a 4500
001 2823284
005 20180223083733.0
008 830518s1984 nyu b 000 0 eng
010 _a 83011307
020 _a002384910X (pbk.)
040 _aDLC
_cDLC
_dDLC
041 _aeng
080 _a808.042
082 0 0 _a808.042 MUN
_219
100 1 _a25
101 _aEDU
245 1 2 _aA practical guide for advanced writers in English as a second language /
_cPaul Munsell, Martha Clough.
504 _aBibliography: p. 301.
906 _a7
_bcbc
_corignew
_d1
_eocip
_f19
_gy-gencatlg
942 _2ddc
_cBK
999 _c43322
_d43322